La rosa de medianoche /

A través de los exóticos palacios de los grandes maharajás de la India de 1911 y de las majestuosas mansiones inglesas de los años veinte, descubrimos la extraordinaria vida de Anahita Chavan. Ochenta años más tarde, una joven y exitosa actriz estadounidense viaja a una apartada finca inglesa para p...

Descripción completa

Guardado en:
Autor Principal: Riley, Lucinda.
Formato: Libro
Idioma:Undetermined
Publicado: Buenos Aires : P&J, 2015.
Edición:1a ed.
Series:Narrativa
Materias:
Etiquetas: Agregar Etiqueta
Sin Etiquetas, Sea el primero en etiquetar este registro!
LEADER 01104nam a22001935a 4500
001 CEM.cems024992
008 251117s2015####ag############000#0#und#d
005 20251125145214.0
245 1 0 |a La rosa de medianoche /  |c Lucinda Riley. 
250 |a 1a ed. 
260 |a Buenos Aires :  |b P&J,  |c 2015. 
300 |a 560 p. 
490 1 |a Narrativa 
520 |a A través de los exóticos palacios de los grandes maharajás de la India de 1911 y de las majestuosas mansiones inglesas de los años veinte, descubrimos la extraordinaria vida de Anahita Chavan. Ochenta años más tarde, una joven y exitosa actriz estadounidense viaja a una apartada finca inglesa para participar en una película. Durante el rodaje aparece el bisnieto de Anahita, que está investigando el pasado de su abuela. Juntos intentarán descubrir los secretos que albergan las paredes de la mansión sobre la familia que ha vivido allí durante generaciones. 
020 |a 9789506443306 
100 1 |a Riley, Lucinda. 
653 |a Novela irlandesa 
653 |a Literatura irlandesa 
859 |a CEMS  |b BIB. CEMS - 11 de abril  |h 891.623  |i R573  |p 30501.25  |t Ej.1